000 02609cam a2200409 4500500
005 20251228080703.0
041 _afre
042 _adc
100 1 0 _aPurière, Aurélien
_eauthor
245 0 0 _aLes effets des revenus d'assistance
260 _c2012.
500 _a36
520 _aLes revenus d’assistance, à l’image du Revenu minimum d’insertion (RMI) et de son successeur le Revenu de solidarité active (RSA), font l’objet de vives critiques. Ils encourageraient l’inactivité et de ce fait favoriseraient le maintien des allocataires dans une situation de pauvreté. Cette critique n’est pas nouvelle : elle est présente dès la fin du XVIIIe siècle lorsque, pour la première fois, apparaît l’idée d’un droit à l’assistance. Cet article montre les limites théoriques et empiriques des discours qui dénoncent les effets pervers de l’assistance sociale. Pour ce faire, il s’appuie sur la typologie développée par David T. Ellwood qui distingue trois modèles de dépendance à l’assistance.
520 _aThe effects of minimum revenue benefitsAssistance benefits, just like the Revenu minimum d’insertion (Minimum guaranteed income) and its successor the Revenu de solidarité active (Active solidarity income), are the butt of sharp criticism. They may encourage inactivity and thereby may contribute to keep recipients in poverty. This criticism is not new : it arose from far back, in the late 18th century, when for the first time ever came up the idea of a right to public assistance. This article shows the theoretical and empirical limits of discourses which consist in denouncing the perverse effects of long-term welfare use. To do so, the article relies on the typology developed by David T. Ellwood who discerns three models of welfare dependency.
690 _aassistance sociale
690 _acontrepartie
690 _adépendance
690 _aminima sociaux
690 _aRMI
690 _aRSA
690 _atrappe à chômage
690 _atrappe à inactivité
690 _atrappe à pauvreté
690 _aworkfare
690 _aactive solidarity income
690 _aassistance benefits
690 _acounterpart
690 _adependency
690 _ainactivity trap
690 _aminimum guaranteed income
690 _aminimum incomes
690 _apoverty trap
690 _aunemployment trap
690 _aworkfare
786 0 _nVie sociale | 1 | 1 | 2012-03-01 | p. 111-124 | 0042-5605
856 4 1 _uhttps://shs.cairn.info/revue-vie-sociale-2012-1-page-111?lang=fr&redirect-ssocas=7080
999 _c1598648
_d1598648